000 00671ckc a22001935a 4500
001 L141081
008 071026i19511958xxk eng u
035 _a(Sirsi) u141081
041 0 _aeng
110 2 _aChartered Auctioneers' and Estate Agents' Institute
245 0 1 _a[Collection of correspondence regarding an inscription on the gravestone of an auctioneer called Joseph Wright in a churchyard at Corby in Lincolnshire]
_h[manuscript]
260 _c1951-1958
300 _a9 sheets
_c25 x 20 cm., or smaller
340 _aTypescript and manuscript
351 _cFonds
651 4 _aLincolnshire
690 _aPROPERTY-AUCTIONEERING-AUCTIONEERS
942 _n0
999 _c116576
_d116576